[Event "Bayerische EM (allgemein)"]
[Site "Bad Königshofen"]
[Date "2010.08.24"]
[Round "3.15"]
[White "Sternheimer, Erhard"]
[Black "Maugg, Ludwig"]
[Result "1-0"]
[WhiteElo "2191"]
[BlackElo "2099"]
[PlyCount "89"]
[EventDate "2010.??.??"]
[WhiteTeam "SC Bad Königshofen 1957"]
[BlackTeam "SC Sonthofen"]

1. e4 c5 2. Nf3 Nc6 3. c3 Nf6 4. e5 Nd5 5. Bc4 Nb6 6. Bb3 d6 7. exd6 Qxd6 8.
Na3 a6 9. O-O e6 10. d4 cxd4 11. cxd4 Be7 12. Be3 O-O 13. Qe2 Bf6 14. Rfd1 Nd5
15. Nc4 Qe7 16. Rac1 b5 17. Nb6 Nxb6 18. Rxc6 Nd5 19. Bd2 Qd7 20. Rdc1 Bb7 21.
R6c5 Rac8 22. Ne5 Bxe5 23. Qxe5 Rxc5 24. dxc5 Bc6 25. Ba5 Re8 26. Bc2 Qb7 27.
Bd3 f6 28. Qd6 f5 29. Re1 Qd7 30. a3 Kf7 31. Bf1 Re7 32. Qe5 Nf6 33. Bc3 Qd5
34. f3 Rd7 35. Qe3 Re7 36. Bxf6 Kxf6 37. Qc3+ Kf7 38. Be2 e5 39. Rd1 Qe6 40.
Rd6 Qc8 41. Bd1 Kg8 42. Bb3+ Kh8 43. Qa5 Be8 44. Qb6 Rd7 45. Be6 1-0

[Event "Bayerische EM (allgemein)"]
[Site "Bad Königshofen"]
[Date "2010.08.24"]
[Round "3.16"]
[White "Fischer, Gerd"]
[Black "Jussupow, Nadia"]
[Result "1-0"]
[WhiteElo "2091"]
[BlackElo "2143"]
[PlyCount "134"]
[EventDate "2010.??.??"]
[WhiteTeam "FC Gunzenhausen 1910 e.V"]
[BlackTeam "SK Krumbach"]

1. e4 c5 2. Nf3 g6 3. Bc4 Bg7 4. Nc3 Nc6 5. d3 e6 6. O-O Nge7 7. Re1 O-O 8. e5
a6 9. a4 Qc7 10. Bf4 Nf5 11. Ne4 b6 12. Qd2 Nfd4 13. Nxd4 cxd4 14. Nf6+ Kh8 15.
Re4 Bb7 16. Rae1 Ne7 17. Rxd4 Nf5 18. Rxd7 Qc6 19. Rxb7 Qxb7 20. d4 Rfd8 21. c3
Qe7 22. Qe2 a5 23. Bd3 Rac8 24. g4 Nd6 25. Bg5 Ne8 26. Nxh7 f6 27. exf6 Nxf6
28. Nxf6 Bxf6 29. Bxf6+ Qxf6 30. Qxe6 Rf8 31. Qxf6+ Rxf6 32. Kg2 Rcf8 33. Re2
Kg7 34. Be4 g5 35. Bf5 Rd6 36. Re5 Kf6 37. Bd3 Rg8 38. Rf5+ Ke7 39. Bc4 Rg7 40.
Re5+ Kd7 41. Rf5 Rh6 42. Bd3 Re6 43. Rb5 Kc7 44. Kg3 Re1 45. Kg2 Ra1 46. Bc2
Rc1 47. Bf5 Ra1 48. b3 Rc1 49. c4 Rd1 50. d5 Rd2 51. Kg3 Re7 52. Be6 Rb2 53. c5
bxc5 54. Rxc5+ Kd6 55. Rxa5 Rxb3+ 56. f3 Ra3 57. Ra8 Rb7 58. Rd8+ Ke7 59. Rh8
Rbb3 60. Rh7+ Kd6 61. Rf7 Rxa4 62. h4 gxh4+ 63. Kxh4 Rb8 64. f4 Rd4 65. g5 Rb1
66. Kh5 Rf1 67. Rd7+ Kc5 {und 6 weitere Züge} 1-0

[Event "Bayerische EM (allgemein)"]
[Site "Bad Königshofen"]
[Date "2010.08.24"]
[Round "3.17"]
[White "Kretschel, Klaus"]
[Black "Weigert, Wilhelm"]
[Result "0-1"]
[WhiteElo "2133"]
[BlackElo "2024"]
[PlyCount "58"]
[EventDate "2010.??.??"]
[WhiteTeam "SC Unterpfaffenhofen"]
[BlackTeam "SK Kelheim 1920"]

1. Nf3 g6 2. d4 Bg7 3. e4 d6 4. Nc3 Nf6 5. Be2 O-O 6. h3 c5 7. O-O cxd4 8. Nxd4
Nc6 9. Be3 Bd7 10. Nb3 a5 11. a4 Rc8 12. f4 Nb4 13. Bf3 Be6 14. Rf2 Nd7 15. Nd4
Bc4 16. Ncb5 Nc5 17. Rd2 Qe8 18. c3 Nc6 19. Ra3 Bh6 20. g3 Ne5 21. Bg2 Bxb5 22.
Nxb5 Nc4 23. Bxc5 Rxc5 24. Rb3 Nxd2 25. Qxd2 Rc4 26. Ra3 Qc8 27. b3 Rc5 28. Qd3
Bg7 29. c4 Rxb5 0-1

[Event "Bayerische EM (allgemein)"]
[Site "Bad Königshofen"]
[Date "2010.08.25"]
[Round "4.1"]
[White "Reich, Thomas"]
[Black "Schmid, Roland"]
[Result "1/2-1/2"]
[WhiteElo "2350"]
[BlackElo "2140"]
[PlyCount "58"]
[EventDate "2010.??.??"]
[WhiteTeam "FC Bayern München e.V."]
[BlackTeam "TSV Wacker Neutraubling"]

1. d4 e6 2. Nf3 f5 3. g3 Nf6 4. Bg2 d5 5. c4 c6 6. O-O Bd6 7. b3 Qe7 8. Bb2 b6
9. Qc2 O-O 10. Ne5 Bb7 11. cxd5 cxd5 12. Rc1 Na6 13. Qd1 Rac8 14. Nc3 Bb8 15.
e3 Nb4 16. Nd3 Ba6 17. Bf1 Nxd3 18. Bxd3 Bxd3 19. Qxd3 Ne4 20. Ne2 Qb7 21. f3
Nf6 22. Nc3 g5 23. Rc2 Rc6 24. Rac1 Rfc8 25. e4 dxe4 26. fxe4 Nxe4 27. Nxe4
Rxc2 28. Rxc2 Rxc2 29. Qxc2 fxe4 1/2-1/2

[Event "Bayerische EM (allgemein)"]
[Site "Bad Königshofen"]
[Date "2010.08.25"]
[Round "4.3"]
[White "Lentrodt, Thomas"]
[Black "Lederle, Vitus"]
[Result "0-1"]
[WhiteElo "2340"]
[BlackElo "2191"]
[PlyCount "80"]
[EventDate "2010.??.??"]
[WhiteTeam "FC Bayern München e.V."]
[BlackTeam "SC Dillingen"]

1. d4 Nf6 2. Nf3 e6 3. c4 b6 4. g3 Ba6 5. Qc2 c5 6. Bg2 Bb7 7. O-O cxd4 8. Nxd4
Bxg2 9. Kxg2 Qc7 10. Bg5 Be7 11. Nd2 O-O 12. Rac1 Nc6 13. N2f3 Nxd4 14. Nxd4
Qc5 15. Nf3 d6 16. Be3 Qc6 17. h3 Rac8 18. Qb3 Nd7 19. Kh2 Nc5 20. Qc2 e5 21.
Bxc5 Qxc5 22. Qd2 a5 23. Kg2 Kh8 24. Qd5 Qb4 25. b3 h6 26. Rfd1 Kg8 27. Ne1 Qa3
28. Rc2 Qc5 29. Rcd2 Rfd8 30. Qf3 a4 31. Rd5 Qc6 32. Nd3 axb3 33. axb3 Qa8 34.
Rb5 e4 35. Qg4 exd3+ 36. e4 Rc5 37. Rxd3 f5 38. Qe2 Rxb5 39. cxb5 Qxe4+ 40.
Qxe4 fxe4 0-1

[Event "Bayerische EM (allgemein)"]
[Site "Bad Königshofen"]
[Date "2010.08.25"]
[Round "4.4"]
[White "Schindler, Viktor"]
[Black "Golda, Harald"]
[Result "1/2-1/2"]
[WhiteElo "2139"]
[BlackElo "2315"]
[PlyCount "45"]
[EventDate "2010.??.??"]
[WhiteTeam "PTSV SK Hof 1892"]
[BlackTeam "Schachklub Schweinfurt 2000 e.V."]

1. e4 c5 2. Nf3 d6 3. d4 cxd4 4. Nxd4 Nf6 5. Nc3 Nc6 6. h3 e5 7. Nf3 Be7 8. Bc4
O-O 9. O-O Be6 10. Bb3 Bxb3 11. axb3 h6 12. Re1 Re8 13. Nh2 a6 14. Nf1 Bf8 15.
Ne3 Nd4 16. Ned5 Rc8 17. Nxf6+ Qxf6 18. Nd5 Qe6 19. c3 Nc6 20. Qd3 Ne7 21. Ra5
Nc6 22. Ra1 Ne7 23. Ra5 1/2-1/2

[Event "Bayerische EM (allgemein)"]
[Site "Bad Königshofen"]
[Date "2010.08.25"]
[Round "4.5"]
[White "Safyanowsky, Mark"]
[Black "Kuhn, Tobias"]
[Result "1-0"]
[WhiteElo "2299"]
[BlackElo "2213"]
[PlyCount "147"]
[EventDate "2010.??.??"]
[WhiteTeam "SC Dillingen"]
[BlackTeam "SK 1982 Klingenberg/Main"]

1. d4 Nf6 2. c4 c5 3. Nf3 g6 4. g3 cxd4 5. Nxd4 Nc6 6. Bg2 Bg7 7. O-O O-O 8.
Nc3 Qb6 9. Nb3 d6 10. Be3 Qd8 11. Rc1 Ng4 12. Bf4 e5 13. Bd2 Be6 14. Nd5 f5 15.
h3 Nf6 16. Bg5 Qd7 17. Kh2 Rad8 18. c5 e4 19. Bxf6 Bxf6 20. Nxf6+ Rxf6 21. Qc2
d5 22. e3 Qc7 23. Qc3 Rdf8 24. Nd4 Nxd4 25. Qxd4 g5 26. f4 exf3 27. Rxf3 f4 28.
exf4 gxf4 29. gxf4 Rg6 30. Rg1 Rf5 31. Bf1 Rh5 32. Bd3 Rxg1 33. Qxg1+ Kf7 34.
Qd4 Qa5 35. f5 Qc7+ 36. Qf4 Qxf4+ 37. Rxf4 Bd7 38. Kg3 Kf6 39. Rb4 Rg5+ 40. Rg4
Bxf5 41. Bxf5 Rxf5 42. Rb4 Rg5+ 43. Kf4 Rg7 44. Ra4 a6 45. Rb4 Rd7 46. Rb6+ Ke7
47. Ke3 Kd8 48. Kd4 Kc7 49. Rh6 Rg7 50. b4 Rf7 51. Kxd5 Rd7+ 52. Kc4 Rf7 53.
Kb3 Rf3+ 54. Ka4 Rf7 55. Ka5 Rg7 56. a4 Rf7 57. b5 axb5 58. axb5 Rg7 59. h4 Rf7
60. h5 Rg7 61. Rf6 Re7 62. h6 Rd7 63. Rf8 b6+ 64. cxb6+ Kb7 65. Rg8 Rd1 66.
Rg7+ Kb8 67. Rxh7 Rh1 68. Kb4 Rh5 69. Kc4 Ka8 70. Ra7+ Kb8 71. h7 Rh4+ 72. Kd5
Rh5+ 73. Ke4 Rh4+ 74. Kf3 1-0

[Event "Bayerische EM (allgemein)"]
[Site "Bad Königshofen"]
[Date "2010.08.25"]
[Round "4.6"]
[White "Lipok, Christoph"]
[Black "Heimrath, Reiner"]
[Result "1-0"]
[WhiteElo "2208"]
[BlackElo "2231"]
[PlyCount "105"]
[EventDate "2010.??.??"]
[WhiteTeam "Spgem Kötz/Ichenhausen"]
[BlackTeam "SC Noris-Tarrasch Nürnberg 1873"]

1. d4 g6 2. c4 Bg7 3. Nc3 d6 4. Nf3 Bg4 5. g3 c6 6. Bg2 Qb6 7. e3 h5 8. h3 Be6
9. Qd3 Qa6 10. Bf1 Nf6 11. e4 O-O 12. Be3 Nh7 13. Be2 Qb6 14. Qd2 Qb4 15. g4
Bxc4 16. Bxc4 Qxc4 17. gxh5 b5 18. hxg6 fxg6 19. Nh4 b4 20. Ne2 Rf6 21. Rg1 Nf8
22. Nf4 Nbd7 23. Nhxg6 Nxg6 24. Nxg6 Kf7 25. Nxe7 Re8 26. Nf5 Bf8 27. Rc1 Qxa2
28. Qe2 Rxf5 29. exf5 Nf6 30. Rxc6 Qb1+ 31. Rc1 Qxf5 32. Rc7+ Re7 33. Rxe7+
Bxe7 34. f3 Qxh3 35. Bg5 Qf5 36. Bxf6 Bxf6 37. Rg4 d5 38. Kf2 b3 39. Qb5 Qc2+
40. Kg3 Qc7+ 41. Kh3 Qc4 42. Qd7+ Kf8 43. Qe6 Qf1+ 44. Kg3 Qg1+ 45. Kf4 Qc1+
46. Kf5 Bg7 47. Qd6+ Kg8 48. Qxd5+ Kh8 49. Rh4+ Bh6 50. Qd8+ Kh7 51. Qe7+ Kh8
52. Qf8+ Kh7 53. Rxh6+ 1-0

[Event "Bayerische EM (allgemein)"]
[Site "Bad Königshofen"]
[Date "2010.08.25"]
[Round "4.7"]
[White "Liepold, Stefan"]
[Black "Hofstetter, Hans-Joachim"]
[Result "1-0"]
[WhiteElo "2235"]
[BlackElo "2197"]
[PlyCount "55"]
[EventDate "2010.??.??"]
[WhiteTeam "SC Erlangen 48/88"]
[BlackTeam "SK 1933 Bad Neustadt"]

1. e4 e5 2. Nf3 Nc6 3. Bb5 Nf6 4. O-O Nxe4 5. d4 Nd6 6. Bxc6 dxc6 7. dxe5 Nf5
8. Qxd8+ Kxd8 9. Nc3 h6 10. h3 Be7 11. b3 Be6 12. Bb2 Kc8 13. Rad1 Rd8 14. b4
Nh4 15. Nxh4 Bxh4 16. f4 b6 17. Rxd8+ Kxd8 18. f5 Bc8 19. Ne4 Ke7 20. e6 fxe6
21. f6+ gxf6 22. Bxf6+ Bxf6 23. Rxf6 Bd7 24. Rxh6 Rf8 25. Rh7+ Kd8 26. g4 Be8
27. Rg7 c5 28. Nf6 1-0

[Event "Bayerische EM (allgemein)"]
[Site "Bad Königshofen"]
[Date "2010.08.25"]
[Round "4.8"]
[White "Schatz, Christian"]
[Black "Nuber, Korbinian"]
[Result "1-0"]
[WhiteElo "2189"]
[BlackElo "2211"]
[PlyCount "85"]
[EventDate "2010.??.??"]
[WhiteTeam "Schachzentrum Fürth 2002"]
[BlackTeam "SC Dillingen"]

1. Nf3 g6 2. e4 Bg7 3. d4 d6 4. Nc3 Nd7 5. Bc4 c6 6. a4 Ngf6 7. e5 Nd5 8. Bxd5
cxd5 9. exd6 e6 10. Nb5 O-O 11. O-O a6 12. Nc7 Rb8 13. Qd2 Nf6 14. Qb4 Bd7 15.
h3 Ne4 16. Bf4 g5 17. Bh2 f5 18. Ne5 f4 19. f3 Nf6 20. Rae1 Ne8 21. Nxd7 Qxd7
22. Nxe6 Nxd6 23. Nxf8 Rxf8 24. Re2 Nf5 25. c3 h5 26. Rfe1 Rf7 27. Re8+ Kh7 28.
R8e6 g4 29. hxg4 hxg4 30. fxg4 Bf8 31. Qb3 Ne3 32. R1xe3 fxe3 33. Qc2+ Kg8 34.
Rxe3 Bg7 35. Be5 Bxe5 36. Rxe5 Qxg4 37. Qe2 Qg6 38. Re8+ Kh7 39. Re3 Qb1+ 40.
Kh2 Kg7 41. Qg4+ Kf8 42. Qc8+ Kg7 43. Rg3+ 1-0

[Event "Bayerische EM (allgemein)"]
[Site "Bad Königshofen"]
[Date "2010.08.25"]
[Round "4.9"]
[White "Höfelsauer, Thomas"]
[Black "Jussupow, Ekaterina"]
[Result "1-0"]
[WhiteElo "2186"]
[BlackElo "2174"]
[PlyCount "145"]
[EventDate "2010.??.??"]
[WhiteTeam "Schachklub München Südost e.V."]
[BlackTeam "SK Krumbach"]

1. c4 e6 2. Nc3 d5 3. d4 Nf6 4. cxd5 exd5 5. Bf4 c6 6. Nf3 Bd6 7. Bxd6 Qxd6 8.
e3 O-O 9. Be2 Nbd7 10. O-O Ne4 11. Nxe4 dxe4 12. Nd2 Qg6 13. f3 exf3 14. Rxf3
Nf6 15. Nc4 Be6 16. Ne5 Qh6 17. Bd3 Rad8 18. Qe1 Nd5 19. Qf2 f6 20. Nc4 Rfe8
21. Re1 Nb4 22. Bf1 Bd5 23. Rh3 Qg6 24. a3 Nd3 25. Bxd3 Qxd3 26. Nd2 Bf7 27.
Nf3 Rd5 28. Rg3 Qe4 29. Nd2 Qf5 30. Rf3 Qd7 31. Rf4 Bg6 32. Nf3 Qc7 33. g3 Be4
34. Nd2 Bg6 35. e4 Rb5 36. Nf3 Qb6 37. b4 a5 38. e5 axb4 39. exf6 bxa3 40. f7+
Bxf7 41. Rxe8+ Bxe8 42. Nd2 Bf7 43. Rxf7 Qd8 44. Nc4 Rb1+ 45. Kg2 Qd5+ 46. Rf3
Rb3 47. Ne3 Qe4 48. Qa2 Qb1 49. Qxb1 Rxb1 50. Rf2 Rb2 51. Nc2 Ra2 52. Kf1 b5
53. Ke1 g6 54. Re2 Kf7 55. Kd1 Kf6 56. Re3 b4 57. Nxb4 Rb2 58. Nc2 a2 59. Ra3
Ke6 60. Kc1 Rb1+ 61. Kd2 Rh1 62. Rxa2 Rxh2+ 63. Ke3 Rg2 64. d5+ Kd6 65. Kf3 Rd2
66. dxc6 Rd3+ 67. Ne3 Kxc6 68. Ra7 Rd7 69. Rxd7 Kxd7 70. Kf4 Ke6 71. Kg5 Ke5
72. Kh6 Ke4 73. Nf1 1-0

[Event "Bayerische EM (allgemein)"]
[Site "Bad Königshofen"]
[Date "2010.08.25"]
[Round "4.10"]
[White "Kunz, Konstantin"]
[Black "Jussupow, Alexander"]
[Result "0-1"]
[WhiteElo "2273"]
[BlackElo "2112"]
[PlyCount "94"]
[EventDate "2010.??.??"]
[WhiteTeam "SC Kitzingen von 1905"]
[BlackTeam "SK Krumbach"]

1. d4 d5 2. c4 dxc4 3. Nf3 Nf6 4. e3 e6 5. Bxc4 c5 6. O-O a6 7. b3 b5 8. Be2
Bb7 9. a4 b4 10. Nbd2 Nbd7 11. Bb2 Be7 12. Rc1 Rc8 13. Nc4 O-O 14. Nfe5 Nxe5
15. dxe5 Nd5 16. Nd6 Bxd6 17. exd6 f5 18. Bf3 Qxd6 19. e4 fxe4 20. Bxe4 Qf4 21.
Rc4 Qf7 22. Qg4 Nf6 23. Bxf6 Bxe4 24. Rxe4 Qxf6 25. Rxe6 Qd4 26. Re4 Qf6 27. g3
Rcd8 28. Rf4 Qd6 29. Rxf8+ Rxf8 30. Rd1 Qe5 31. Qc4+ Kh8 32. Qxa6 Qb2 33. Rf1
Qxb3 34. Qd6 Ra8 35. Ra1 c4 36. a5 c3 37. Qc6 Rf8 38. a6 Qb2 39. Rf1 c2 40. a7
Qa2 41. Qc5 Kg8 42. Qd4 b3 43. Qd5+ Kh8 44. Qd6 Rg8 45. Qb8 b2 46. a8=Q b1=Q
47. Qxa2 Qxf1+ 0-1

[Event "Bayerische EM (allgemein)"]
[Site "Bad Königshofen"]
[Date "2010.08.25"]
[Round "4.11"]
[White "Miskevicer, Boris"]
[Black "Rein, Iwan"]
[Result "1-0"]
[WhiteElo "2216"]
[BlackElo "2072"]
[PlyCount "99"]
[EventDate "2010.??.??"]
[WhiteTeam "SG Schwabing München Nord e.V."]
[BlackTeam "TS Bayreuth"]

1. d4 e6 2. g3 Nf6 3. Bg2 Be7 4. e4 d5 5. Nd2 O-O 6. Ne2 c5 7. dxc5 Bxc5 8. O-O
Nc6 9. c3 a5 10. Nb3 Be7 11. exd5 Nxd5 12. Nf4 Nf6 13. Be3 Qc7 14. Qe2 a4 15.
Nd4 Nxd4 16. Bxd4 Bd7 17. Rfd1 Ra5 18. Nd3 Bc6 19. Qe3 Rh5 20. Be5 Qc8 21. Qe2
Rf5 22. f3 h5 23. h3 Rg5 24. h4 Rg6 25. Kh2 Nd7 26. Nf4 Nxe5 27. Qxe5 Rh6 28.
Rd2 Qb8 29. Qxb8 Rxb8 30. Nd3 Rd8 31. Rad1 Bf6 32. Nb4 Rxd2 33. Rxd2 Be8 34. f4
b5 35. Nc6 Rh8 36. Ne5 Kh7 37. Rd6 Be7 38. Rb6 Bc5 39. Rb7 f6 40. Be4+ Kh6 41.
Nc6 Bg6 42. Bxg6 Kxg6 43. Rxb5 Bd6 44. Nd4 Rc8 45. a3 e5 46. f5+ Kh6 47. Nc2
Rc4 48. Kg2 Re4 49. Kf2 g6 50. Ne3 1-0

[Event "Bayerische EM (allgemein)"]
[Site "Bad Königshofen"]
[Date "2010.08.25"]
[Round "4.12"]
[White "Heiduczek, Josef"]
[Black "Kleibel, Uwe"]
[Result "0-1"]
[WhiteElo "2234"]
[BlackElo "2001"]
[PlyCount "96"]
[EventDate "2010.??.??"]
[WhiteTeam "SC Rottal"]
[BlackTeam "SC Ortenburg 1894 e.V."]

1. e4 c6 2. Ne2 d5 3. e5 c5 4. d4 Nc6 5. c3 Bg4 6. Be3 e6 7. f3 Bf5 8. dxc5
Nxe5 9. Nd4 Ne7 10. Bf4 N5c6 11. Nb5 Ng6 12. Nd6+ Bxd6 13. Bxd6 Nge7 14. b4 O-O
15. Nd2 Re8 16. Nb3 Bg6 17. g4 Nc8 18. Bg3 f5 19. Bd3 Qf6 20. O-O Qxc3 21. gxf5
exf5 22. b5 N6e7 23. Re1 f4 24. Bxg6 hxg6 25. Bxf4 Qb4 26. Qd4 Qxb5 27. Qe5 a5
28. Qe6+ Kf8 29. Rac1 Ra6 30. Qe5 Qd7 31. Red1 Qf5 32. Qb8 g5 33. Bg3 Qd7 34.
Qe5 a4 35. Na1 Rg6 36. Nc2 Na7 37. Qb2 Nac6 38. Bd6 Kg8 39. Nb4 g4 40. f4 g3
41. h4 Nxb4 42. h5 Rh6 43. Qxb4 Qh3 44. Qd2 Rxh5 45. Qg2 Qxg2+ 46. Kxg2 Nf5 47.
Kf3 Re3+ 48. Kg4 g6 0-1

[Event "Bayerische EM (allgemein)"]
[Site "Bad Königshofen"]
[Date "2010.08.25"]
[Round "4.13"]
[White "Fischer, Gerd"]
[Black "Sternheimer, Erhard"]
[Result "1/2-1/2"]
[WhiteElo "2091"]
[BlackElo "2191"]
[PlyCount "115"]
[EventDate "2010.??.??"]
[WhiteTeam "FC Gunzenhausen 1910 e.V"]
[BlackTeam "SC Bad Königshofen 1957"]

1. e4 e5 2. Nf3 d6 3. d4 exd4 4. Nxd4 Nf6 5. Nc3 Be7 6. Be2 O-O 7. O-O Re8 8.
f4 c5 9. Nf3 Nc6 10. h3 Bf8 11. Bd3 Nb4 12. Bb5 Bd7 13. Bxd7 Qxd7 14. a3 Nc6
15. Qd3 Rad8 16. Bd2 d5 17. exd5 Nxd5 18. Nxd5 Qxd5 19. Qxd5 Rxd5 20. Rfe1 Red8
21. Bc3 c4 22. Kf1 Bc5 23. Re4 b5 24. Rae1 Kf8 25. Ne5 Ne7 26. g3 Nf5 27. Kg2
Nd4 28. Bxd4 Rxd4 29. R4e2 Rd2 30. Nf3 Rxe2+ 31. Rxe2 f6 32. c3 Kf7 33. Nd2 Rd3
34. Ne4 Bb6 35. Kf1 a6 36. Rd2 Ke6 37. Rxd3 cxd3 38. Nf2 Bxf2 39. Kxf2 Kd5 40.
b3 Ke4 41. f5 a5 42. g4 h6 43. a4 bxa4 44. bxa4 d2 45. Ke2 d1=B+ 46. Kxd1 Kd3
47. c4 Kxc4 48. Ke2 h5 49. gxh5 Kb4 50. Kd3 Kxa4 51. Kc4 Ka3 52. Kc3 a4 53. h4
Ka2 54. Kc2 a3 55. h6 gxh6 56. h5 Ka1 57. Kc1 a2 58. Kc2 1/2-1/2

[Event "Bayerische EM (allgemein)"]
[Site "Bad Königshofen"]
[Date "2010.08.25"]
[Round "4.14"]
[White "Shashkin, Igor"]
[Black "Maurer, Heinrich"]
[Result "1/2-1/2"]
[WhiteElo "2086"]
[BlackElo "2189"]
[PlyCount "120"]
[EventDate "2010.??.??"]
[WhiteTeam "PTSV SK Hof 1892"]
[BlackTeam "SK Kelheim 1920"]

1. e4 d6 2. d4 Nf6 3. Nc3 g6 4. g3 Bg7 5. Bg2 O-O 6. Nge2 e5 7. h3 Nc6 8. Be3
exd4 9. Nxd4 Ne5 10. Qe2 Bd7 11. O-O Nc6 12. Rad1 Nxd4 13. Bxd4 Bc6 14. Rfe1
Re8 15. Qf1 Nd7 16. Bxg7 Kxg7 17. Nb5 Bxb5 18. Qxb5 Rb8 19. Kh2 f6 20. c4 Re7
21. Qa5 b6 22. Qc3 a5 23. b3 Qe8 24. a3 Qf7 25. b4 axb4 26. axb4 Qe6 27. Ra1
Qe5 28. Qc2 g5 29. Ra7 Nf8 30. Rd1 Ng6 31. Rd5 Qe6 32. c5 bxc5 33. bxc5 dxc5
34. Rxc5 Rc8 35. Raxc7 Rcxc7 36. Rxc7 Rxc7 37. Qxc7+ Qe7 38. Qxe7+ Nxe7 39. Bf1
f5 40. exf5 Nxf5 41. Kg2 Nd4 42. Bd3 h6 43. Kf1 Kf6 44. Be2 Kg6 45. Ke1 Kf6 46.
Kd2 Ke5 47. Kd3 Nf5 48. Bg4 Ng7 49. Bd7 Kd6 50. Bc8 Ke5 51. Ke3 Nh5 52. Bg4 Nf6
53. Bd1 Nd5+ 54. Kf3 Nf6 55. Bc2 Kd4 56. Bf5 Ke5 57. Bc8 Kd4 58. Bb7 Ke5 59.
Bc6 Kd6 60. Bb7 Ke5 1/2-1/2

[Event "Bayerische EM (allgemein)"]
[Site "Bad Königshofen"]
[Date "2010.08.25"]
[Round "4.15"]
[White "Weigert, Wilhelm"]
[Black "Brychcy, Felix"]
[Result "0-1"]
[WhiteElo "2024"]
[BlackElo "2120"]
[PlyCount "75"]
[EventDate "2010.??.??"]
[WhiteTeam "SK Kelheim 1920"]
[BlackTeam "MSA Zugzwang 82 e.V."]

1. Nf3 d5 2. g3 Nf6 3. Bg2 g6 4. c4 c6 5. O-O Bg7 6. d4 O-O 7. Nc3 dxc4 8. e4
b5 9. e5 Nd5 10. Ne4 f5 11. Nc5 Na6 12. Qe2 e6 13. a4 Nxc5 14. dxc5 Qe7 15.
axb5 cxb5 16. c6 Qc5 17. Bd2 Qxc6 18. Ra5 Qb6 19. Rfa1 Bb7 20. Bc3 Nxc3 21.
bxc3 Rfd8 22. Qb2 a6 23. Qa3 Rd7 24. Nd4 Bxg2 25. Kxg2 Rd5 26. Rxa6 Rxa6 27.
Qxa6 Qxa6 28. Rxa6 Bxe5 29. Nc6 Bxc3 30. Ne7+ Kf7 31. Nxd5 exd5 32. Kf1 b4 33.
Ke2 b3 34. Kd1 Ke7 35. f3 Bd4 36. g4 c3 37. Rc6 Kd7 38. Ra6 0-1

[Event "Bayerische EM (allgemein)"]
[Site "Bad Königshofen"]
[Date "2010.08.25"]
[Round "4.16"]
[White "Maugg, Ludwig"]
[Black "Wilfert, André"]
[Result "1/2-1/2"]
[WhiteElo "2099"]
[BlackElo "2087"]
[PlyCount "77"]
[EventDate "2010.??.??"]
[WhiteTeam "SC Sonthofen"]
[BlackTeam "1.FC Marktleuthen"]

1. d4 f5 2. Nc3 Nf6 3. Bg5 e6 4. e4 fxe4 5. Nxe4 Be7 6. Bxf6 Bxf6 7. Qh5+ g6 8.
Qh6 Qe7 9. Nxf6+ Qxf6 10. Nf3 Nc6 11. O-O-O d6 12. h4 Bd7 13. h5 O-O-O 14. Qe3
Qf5 15. hxg6 hxg6 16. Bd3 Qd5 17. c4 Qa5 18. a3 Qa4 19. Kb1 Na5 20. Nd2 Nb3 21.
Ne4 d5 22. Nc3 Qc6 23. c5 a6 24. Ka2 Na5 25. Qe5 Rhf8 26. f3 Nc4 27. Qe2 e5 28.
Bxc4 dxc4 29. Qxe5 Bf5 30. Rh7 Rfe8 31. Re7 Bd3 32. Rh1 Rxe7 33. Qxe7 Re8 34.
Qg7 Bc2 35. Rh8 Qe6 36. Rxe8+ Qxe8 37. Ne4 Bxe4 38. fxe4 Qxe4 39. Qg8+ 1/2-1/2

[Event "Bayerische EM (allgemein)"]
[Site "Bad Königshofen"]
[Date "2010.08.25"]
[Round "4.17"]
[White "Jussupow, Nadia"]
[Black "Kretschel, Klaus"]
[Result "1/2-1/2"]
[WhiteElo "2143"]
[BlackElo "2133"]
[PlyCount "92"]
[EventDate "2010.??.??"]
[WhiteTeam "SK Krumbach"]
[BlackTeam "SC Unterpfaffenhofen"]

1. d4 f5 2. g3 Nf6 3. Bg2 g6 4. Nh3 Bg7 5. O-O O-O 6. c4 d6 7. d5 Nbd7 8. Nc3
Nc5 9. Be3 e5 10. dxe6 Nxe6 11. Ng5 c6 12. Qd2 Ne8 13. Rad1 Qc7 14. b3 a6 15.
h4 Nxg5 16. Bxg5 Be5 17. Bf4 Be6 18. Na4 Nf6 19. Bxe5 dxe5 20. Nc5 Rae8 21. Qd6
Qxd6 22. Rxd6 Bc8 23. Rfd1 e4 24. e3 Ng4 25. b4 Ne5 26. Bf1 Nf7 27. R6d4 Rd8
28. Nd7 Bxd7 29. Rxd7 Kg7 30. c5 Kf6 31. Be2 Rxd7 32. Rxd7 Rd8 33. Rxb7 Rd2 34.
Bxa6 Ne5 35. a4 Nf3+ 36. Kg2 Rd1 37. Bf1 Ne1+ 38. Kg1 Nf3+ 39. Kg2 h6 40. Rc7
g5 41. Rxc6+ Kg7 42. hxg5 hxg5 43. Rd6 Rb1 44. c6 Ne1+ 45. Kg1 Nf3+ 46. Kg2
Ne1+ 1/2-1/2

[Event "Bayerische EM (allgemein)"]
[Site "Bad Königshofen"]
[Date "2010.08.25"]
[Round "5.2"]
[White "Hirn, Oskar"]
[Black "Lipok, Christoph"]
[Result "1-0"]
[WhiteElo "2246"]
[BlackElo "2208"]
[PlyCount "111"]
[EventDate "2010.??.??"]
[WhiteTeam "SC Noris-Tarrasch Nürnberg 1873"]
[BlackTeam "Spgem Kötz/Ichenhausen"]

1. c4 c6 2. Nf3 d5 3. e3 Nf6 4. Qc2 a6 5. b3 Bg4 6. Be2 e6 7. O-O Nbd7 8. Bb2
Bd6 9. d4 O-O 10. Nc3 Bf5 11. Qc1 Ne4 12. Nxe4 Bxe4 13. Ba3 Qc7 14. Bxd6 Qxd6
15. Qc3 Bxf3 16. Bxf3 f5 17. b4 Rf6 18. a4 g5 19. g3 Raf8 20. cxd5 exd5 21. b5
axb5 22. axb5 f4 23. exf4 gxf4 24. bxc6 fxg3 25. fxg3 bxc6 26. Bg2 Rxf1+ 27.
Bxf1 Qf6 28. Bg2 Nb6 29. Rf1 Qd6 30. Rxf8+ Kxf8 31. Qf3+ Kg7 32. Bf1 Qe6 33.
Kf2 Nc8 34. Bd3 Nd6 35. Qf4 h6 36. h4 Qf6 37. Ke3 Qxf4+ 38. Kxf4 Kf6 39. g4 Ke6
40. Bf5+ Ke7 41. Bd3 Ke6 42. Ke3 Ne8 43. Bf5+ Ke7 44. Kf4 Nd6 45. Bc2 Ke6 46.
Ba4 Kd7 47. Ke5 Nc4+ 48. Kf6 Ne3 49. g5 hxg5 50. hxg5 Nc4 51. Bc2 Nd6 52. Bf5+
Ke8 53. g6 Nxf5 54. Kxf5 Ke7 55. Ke5 Kf8 56. Kf6 1-0

[Event "Bayerische EM (allgemein)"]
[Site "Bad Königshofen"]
[Date "2010.08.25"]
[Round "5.3"]
[White "Liepold, Stefan"]
[Black "Reich, Thomas"]
[Result "1/2-1/2"]
[WhiteElo "2235"]
[BlackElo "2350"]
[PlyCount "74"]
[EventDate "2010.??.??"]
[WhiteTeam "SC Erlangen 48/88"]
[BlackTeam "FC Bayern München e.V."]

1. e4 Nf6 2. e5 Nd5 3. d4 d6 4. c4 Nb6 5. exd6 exd6 6. Nf3 Be7 7. Be2 O-O 8.
O-O Bg4 9. h3 Bxf3 10. Bxf3 Nc6 11. Na3 Bg5 12. Qd3 Bxc1 13. Raxc1 Qf6 14. Rfd1
Rfe8 15. Nc2 Nd7 16. b4 a6 17. a3 Nf8 18. Ne3 Ne6 19. Bxc6 bxc6 20. Qf5 Qxf5
21. Nxf5 a5 22. b5 Nf4 23. Kf1 cxb5 24. cxb5 Nd5 25. Re1 Rab8 26. Rxe8+ Rxe8
27. Ne3 Nxe3+ 28. fxe3 g6 29. Rxc7 Rxe3 30. a4 Ra3 31. b6 Kg7 32. b7 Rb3 33. g4
h6 34. Rd7 Kf6 35. Rxd6+ Ke7 36. Rd5 Rxb7 37. Rxa5 Rb4 1/2-1/2

[Event "Bayerische EM (allgemein)"]
[Site "Bad Königshofen"]
[Date "2010.08.25"]
[Round "5.4"]
[White "Lederle, Vitus"]
[Black "Zill, Christoph"]
[Result "0-1"]
[WhiteElo "2191"]
[BlackElo "2252"]
[PlyCount "66"]
[EventDate "2010.??.??"]
[WhiteTeam "SC Dillingen"]
[BlackTeam "SK Freising"]

1. e4 e6 2. d4 d5 3. Nc3 Nf6 4. e5 Nfd7 5. f4 c5 6. Nf3 Nc6 7. Be3 a6 8. Qd2 b5
9. Qe2 Qb6 10. O-O-O c4 11. f5 b4 12. fxe6 bxc3 13. exf7+ Kd8 14. bxc3 Qa5 15.
Bg5+ Kc7 16. Qe3 Nb6 17. Bf4 Kb7 18. Kd2 Bf5 19. e6 Bxc2 20. Ne5 Bxd1 21. Nxc6
Qxa2+ 22. Ke1 Kxc6 23. e7 Bxe7 24. Qe6+ Kb5 25. Qxe7 Qb1 26. Qc5+ Ka4 27. Bd6
Bh5+ 28. Kf2 Qb2+ 29. Kg1 Rac8 30. Bc7 Qxc3 31. Qc6+ Ka3 32. h3 Qxd4+ 33. Kh2
Qf4+ 0-1